000
00242nam a2200109Ia 4500
100
_a
Sharma & Gupta
942
_c
BK
654
_a
Equations
245
_a
Differential Equations
260
_b
Krishna Prakashan Mandir
_c
2001
546
_a
ENGLISH
999
_c
22214
_d
22214